[Event "Russian Blitz Team Championship (m)"]
[Site "Sochi"]
[Date "2022.10.17"]
[Round "12.11"]
[White "Shomoev, Anton"]
[Black "Moiseenko, Vadim"]
[Result "1/2-1/2"]
[BlackElo "2492"]
[WhiteElo "2499"]
[LiveChessVersion "1.4.8"]

1. e4 {[%clk 0:03:02]} e5 {[%clk 0:03:03]} 2. Nf3 {[%clk 0:03:03]} Nc6
{[%clk 0:03:04]} 3. Bb5 {[%clk 0:03:04]} a6 {[%clk 0:03:06]} 4. Ba4
{[%clk 0:03:05]} b5 {[%clk 0:03:07]} 5. Bb3 {[%clk 0:03:06]} Na5 {[%clk 0:03:09]}
6. d4 {[%clk 0:02:58]} exd4 {[%clk 0:03:09]} 7. Nxd4 {[%clk 0:02:58]} Bb7
{[%clk 0:03:08]} 8. a4 {[%clk 0:02:19]} Nxb3 {[%clk 0:02:58]} 9. Nxb3
{[%clk 0:02:18]} Rb8 {[%clk 0:02:42]} 10. axb5 {[%clk 0:02:17]} axb5
{[%clk 0:02:44]} 11. O-O {[%clk 0:02:17]} Nf6 {[%clk 0:01:43]} 12. e5
{[%clk 0:02:14]} Ne4 {[%clk 0:01:44]} 13. Be3 {[%clk 0:02:07]} Be7
{[%clk 0:01:41]} 14. f3 {[%clk 0:02:06]} Ng5 {[%clk 0:01:39]} 15. Nc3
{[%clk 0:02:05]} O-O {[%clk 0:01:36]} 16. Nd5 {[%clk 0:02:03]} Ne6
{[%clk 0:01:30]} 17. f4 {[%clk 0:02:03]} f5 {[%clk 0:01:13]} 18. exf6
{[%clk 0:01:57]} Bxf6 {[%clk 0:01:14]} 19. f5 {[%clk 0:01:56]} Ng5
{[%clk 0:01:15]} 20. Nc5 {[%clk 0:01:48]} Bc6 {[%clk 0:01:10]} 21. Nxf6+
{[%clk 0:01:43]} gxf6 {[%clk 0:01:10]} 22. Qd4 {[%clk 0:01:28]} Qe7
{[%clk 0:00:55]} 23. Bxg5 {[%clk 0:01:24]} fxg5 {[%clk 0:00:56]} 24. Rae1
{[%clk 0:01:15]} Qf7 {[%clk 0:00:42]} 25. h4 {[%clk 0:01:09]} gxh4
{[%clk 0:00:31]} 26. Rf4 {[%clk 0:00:43]} Qf6 {[%clk 0:00:33]} 27. Nxd7
{[%clk 0:00:16]} Qxd4+ {[%clk 0:00:18]} 28. Rxd4 {[%clk 0:00:17]} Bxd7
{[%clk 0:00:17]} 29. Rxd7 {[%clk 0:00:18]} Rxf5 {[%clk 0:00:18]} 30. Ree7
{[%clk 0:00:18]} Rg5 {[%clk 0:00:19]} 31. Rxh7 {[%clk 0:00:18]} Re8
{[%clk 0:00:16]} 32. Rxh4 {[%clk 0:00:10]} Re2 {[%clk 0:00:16]} 33. g4
{[%clk 0:00:04]} Rxc2 {[%clk 0:00:17]} 34. b4 {[%clk 0:00:05]} Rc4
{[%clk 0:00:17]} 35. Kf2 {[%clk 0:00:05]} Rxb4 {[%clk 0:00:08]} 36. Rxc7
{[%clk 0:00:06]} Rbxg4 {[%clk 0:00:09]} 37. Rxg4 {[%clk 0:00:06]} Rxg4
{[%clk 0:00:10]} 38. Ke3 {[%clk 0:00:07]} Kf8 {[%clk 0:00:10]} 39. Kd3
{[%clk 0:00:08]} Ke8 {[%clk 0:00:11]} 40. Kc3 {[%clk 0:00:09]} Kd8
{[%clk 0:00:11]} 41. Rh7 {[%clk 0:00:09]} Kc8 {[%clk 0:00:13]} 42. Kb3
{[%clk 0:00:10]} Kb8 {[%clk 0:00:13]} 43. Rf7 {[%clk 0:00:11]} 1/2-1/2

[Event "Russian Blitz Team Championship (m)"]
[Site "Sochi"]
[Date "2022.10.17"]
[Round "12.12"]
[White "Rozum, Ivan"]
[Black "Remizov, Yaroslav"]
[Result "1-0"]
[BlackElo "2417"]
[WhiteElo "2428"]
[LiveChessVersion "1.4.8"]

1. b3 {[%clk 0:03:03]} Nf6 {[%clk 0:03:00]} 2. Bb2 {[%clk 0:03:04]} e6
{[%clk 0:03:00]} 3. Nf3 {[%clk 0:03:04]} d5 {[%clk 0:03:01]} 4. e3
{[%clk 0:03:05]} c5 {[%clk 0:02:57]} 5. c4 {[%clk 0:03:05]} Nc6 {[%clk 0:02:58]}
6. cxd5 {[%clk 0:03:06]} exd5 {[%clk 0:02:59]} 7. d4 {[%clk 0:03:06]} cxd4
{[%clk 0:02:35]} 8. Nxd4 {[%clk 0:03:06]} Bd6 {[%clk 0:02:35]} 9. Be2
{[%clk 0:03:03]} O-O {[%clk 0:02:33]} 10. O-O {[%clk 0:03:03]} Re8
{[%clk 0:02:29]} 11. Nd2 {[%clk 0:03:01]} a6 {[%clk 0:02:25]} 12. Rc1
{[%clk 0:02:59]} Ne5 {[%clk 0:02:18]} 13. N2f3 {[%clk 0:02:55]} Ng6
{[%clk 0:02:17]} 14. a3 {[%clk 0:02:30]} Bd7 {[%clk 0:02:14]} 15. b4
{[%clk 0:02:31]} Ne4 {[%clk 0:01:54]} 16. Nb3 {[%clk 0:02:26]} Ba4
{[%clk 0:01:51]} 17. Qd4 {[%clk 0:02:19]} Ne5 {[%clk 0:01:51]} 18. Nbd2
{[%clk 0:02:01]} Bc6 {[%clk 0:01:25]} 19. Rfd1 {[%clk 0:01:52]} Ng5
{[%clk 0:00:43]} 20. Kf1 {[%clk 0:01:36]} Ne6 {[%clk 0:00:26]} 21. Qh4
{[%clk 0:01:23]} Nxf3 {[%clk 0:00:12]} 22. Nxf3 {[%clk 0:01:24]} Qb6
{[%clk 0:00:08]} 23. Qg4 {[%clk 0:01:18]} Bf8 {[%clk 0:00:05]} 24. Ne5
{[%clk 0:01:09]} a5 {[%clk 0:00:06]} 25. Qf5 {[%clk 0:00:59]} Nd8
{[%clk 0:00:05]} 26. Bd4 {[%clk 0:00:52]} Qc7 {[%clk 0:00:04]} 27. b5
{[%clk 0:00:52]} Rxe5 {[%clk 0:00:04]} 28. Bxe5 {[%clk 0:00:52]} Qd7
{[%clk 0:00:03]} 29. Qb1 {[%clk 0:00:39]} Qe6 {[%clk 0:00:04]} 30. bxc6
{[%clk 0:00:40]} Qxe5 {[%clk 0:00:05]} 31. c7 {[%clk 0:00:37]} Qxh2
{[%clk 0:00:06]} 32. Bf3 {[%clk 0:00:38]} Nc6 {[%clk 0:00:06]} 33. Qxb7
{[%clk 0:00:37]} Ne5 {[%clk 0:00:03]} 34. Qxa8 {[%clk 0:00:35]} 1-0

[Event "Russian Blitz Team Championship (m)"]
[Site "Sochi"]
[Date "2022.10.17"]
[Round "12.13"]
[White "Alekseev, Evgeny"]
[Black "Grachev, Boris"]
[Result "1/2-1/2"]
[BlackElo "2565"]
[WhiteElo "2579"]
[LiveChessVersion "1.4.8"]

1. e4 {[%clk 0:03:02]} c5 {[%clk 0:03:04]} 2. Nf3 e6 3. d4 {[%clk 0:03:01]} cxd4
{[%clk 0:03:07]} 4. Nxd4 {[%clk 0:03:02]} Nf6 {[%clk 0:03:06]} 5. Nc3
{[%clk 0:03:02]} Nc6 {[%clk 0:03:07]} 6. Ndb5 {[%clk 0:03:01]} Bc5
{[%clk 0:03:01]} 7. Bf4 {[%clk 0:02:59]} O-O {[%clk 0:03:01]} 8. Bc7 Qe7 9. Bd6
{[%clk 0:02:59]} Bxd6 {[%clk 0:03:04]} 10. Qxd6 Qd8 11. O-O-O a6 12. Nd4
{[%clk 0:02:56]} Na5 {[%clk 0:03:08]} 13. Qg3 {[%clk 0:02:55]} d5
{[%clk 0:02:13]} 14. Be2 {[%clk 0:02:55]} Nc6 {[%clk 0:02:09]} 15. Nb3
{[%clk 0:02:23]} a5 {[%clk 0:01:55]} 16. exd5 {[%clk 0:01:52]} exd5
{[%clk 0:01:51]} 17. a3 {[%clk 0:01:53]} Bf5 {[%clk 0:01:33]} 18. Bd3
{[%clk 0:01:46]} Bg6 {[%clk 0:01:14]} 19. Bxg6 {[%clk 0:01:41]} hxg6
{[%clk 0:01:15]} 20. Rhe1 {[%clk 0:01:17]} Re8 {[%clk 0:01:12]} 21. f3
{[%clk 0:01:09]} Rxe1 {[%clk 0:01:07]} 22. Qxe1 {[%clk 0:01:10]} Qd6
{[%clk 0:01:01]} 23. Qg3 {[%clk 0:01:07]} Qe6 {[%clk 0:00:53]} 24. Qf2
{[%clk 0:01:04]} Re8 {[%clk 0:00:51]} 25. Nc5 {[%clk 0:00:56]} Qe5
{[%clk 0:00:38]} 26. g3 {[%clk 0:00:50]} d4 {[%clk 0:00:36]} 27. N3e4
{[%clk 0:00:41]} Nxe4 {[%clk 0:00:17]} 28. Nxe4 {[%clk 0:00:42]} f5
{[%clk 0:00:18]} 29. Ng5 {[%clk 0:00:41]} Qe2 {[%clk 0:00:12]} 30. Qxe2
{[%clk 0:00:38]} Rxe2 {[%clk 0:00:13]} 31. Rd2 {[%clk 0:00:36]} Re1+
{[%clk 0:00:14]} 32. Rd1 {[%clk 0:00:37]} Re2 {[%clk 0:00:16]} 33. Rd2
{[%clk 0:00:38]} Re1+ {[%clk 0:00:17]} 34. Rd1 {[%clk 0:00:39]} Re2
{[%clk 0:00:18]} 1/2-1/2

[Event "Russian Blitz Team Championship (m)"]
[Site "Sochi"]
[Date "2022.10.17"]
[Round "12.14"]
[White "Zvjaginsev, Vadim"]
[Black "Shubin, Kirill"]
[Result "0-1"]
[BlackElo "2416"]
[WhiteElo "2601"]
[LiveChessVersion "1.4.8"]

1. e4 {[%clk 0:03:02]} e6 {[%clk 0:03:04]} 2. c3 {[%clk 0:03:01]} d5
{[%clk 0:03:02]} 3. e5 {[%clk 0:03:03]} c5 {[%clk 0:02:59]} 4. f4
{[%clk 0:03:04]} Nc6 {[%clk 0:02:58]} 5. Nf3 {[%clk 0:03:04]} Nge7
{[%clk 0:02:56]} 6. Na3 {[%clk 0:03:05]} a6 {[%clk 0:02:47]} 7. d4
{[%clk 0:03:01]} Nf5 {[%clk 0:02:42]} 8. Nc2 {[%clk 0:02:57]} b5 {[%clk 0:02:40]}
9. dxc5 {[%clk 0:02:46]} Bxc5 {[%clk 0:02:35]} 10. Bd3 {[%clk 0:02:47]} Nh4
{[%clk 0:02:29]} 11. Nxh4 {[%clk 0:02:38]} Qxh4+ {[%clk 0:02:29]} 12. g3
{[%clk 0:02:39]} Qe7 {[%clk 0:02:22]} 13. Be3 {[%clk 0:02:22]} Bxe3
{[%clk 0:02:12]} 14. Nxe3 {[%clk 0:02:23]} Bb7 {[%clk 0:02:06]} 15. a4
{[%clk 0:01:31]} d4 {[%clk 0:01:28]} 16. axb5 {[%clk 0:01:31]} axb5
{[%clk 0:01:20]} 17. Rxa8+ {[%clk 0:01:31]} Bxa8 {[%clk 0:01:21]} 18. cxd4
{[%clk 0:01:23]} Nxd4 {[%clk 0:01:20]} 19. Rf1 {[%clk 0:01:21]} Qc5
{[%clk 0:01:10]} 20. Kf2 {[%clk 0:01:06]} O-O {[%clk 0:00:53]} 21. Qc1
{[%clk 0:00:50]} Qb6 {[%clk 0:00:54]} 22. Qc3 {[%clk 0:00:33]} Rd8
{[%clk 0:00:52]} 23. Rd1 {[%clk 0:00:24]} b4 {[%clk 0:00:28]} 24. Qc4
{[%clk 0:00:22]} Nf5 {[%clk 0:00:24]} 25. Re1 {[%clk 0:00:17]} Qb7
{[%clk 0:00:13]} 26. Bxf5 {[%clk 0:00:10]} Qf3+ {[%clk 0:00:12]} 27. Kg1
{[%clk 0:00:11]} Qh1+ {[%clk 0:00:11]} 28. Kf2 {[%clk 0:00:13]} Qxh2+
{[%clk 0:00:09]} 29. Kf1 {[%clk 0:00:14]} Qh1+ {[%clk 0:00:10]} 30. Kf2
{[%clk 0:00:12]} Qf3+ {[%clk 0:00:10]} 31. Kg1 {[%clk 0:00:14]} Qxg3+
{[%clk 0:00:09]} 32. Kf1 {[%clk 0:00:15]} Qf3+ {[%clk 0:00:10]} 33. Kg1
{[%clk 0:00:16]} Qh1+ {[%clk 0:00:10]} 34. Kf2 {[%clk 0:00:17]} Qh2+
{[%clk 0:00:07]} 35. Kf1 {[%clk 0:00:18]} exf5 {[%clk 0:00:07]} 36. e6
{[%clk 0:00:19]} fxe6 {[%clk 0:00:05]} 37. Qxe6+ {[%clk 0:00:20]} Kh8
{[%clk 0:00:07]} 38. Qxf5 {[%clk 0:00:20]} Qh1+ {[%clk 0:00:05]} 39. Kf2
{[%clk 0:00:22]} Rd2+ {[%clk 0:00:05]} 40. Kg3 {[%clk 0:00:22]} Qh2+
{[%clk 0:00:05]} 41. Kg4 {[%clk 0:00:23]} Rg2+ {[%clk 0:00:04]} 42. Nxg2
{[%clk 0:00:24]} Qxg2+ {[%clk 0:00:05]} 43. Kh4 {[%clk 0:00:25]} Qf2+
{[%clk 0:00:06]} 44. Kg4 {[%clk 0:00:25]} Bf3+ {[%clk 0:00:05]} 45. Kh3
{[%clk 0:00:25]} Qg2+ {[%clk 0:00:06]} 46. Kh4 {[%clk 0:00:26]} Qf2+
{[%clk 0:00:04]} 47. Kh3 {[%clk 0:00:28]} Qg2+ {[%clk 0:00:05]} 48. Kh4
{[%clk 0:00:29]} Qf2+ {[%clk 0:00:05]} 49. Kh3 {[%clk 0:00:31]} Bg2+
{[%clk 0:00:04]} 50. Kg4 {[%clk 0:00:31]} Bf3+ {[%clk 0:00:03]} 51. Kh3
{[%clk 0:00:32]} Qg2+ {[%clk 0:00:03]} 52. Kh4 {[%clk 0:00:34]} Qh2+
{[%clk 0:00:05]} 0-1

[Event "Russian Blitz Team Championship (m)"]
[Site "Sochi"]
[Date "2022.10.17"]
[Round "12.15"]
[White "Timerkhanov, Alexander"]
[Black "Malakhov, Vladimir"]
[Result "0-1"]
[BlackElo "2654"]
[WhiteElo "2272"]
[LiveChessVersion "1.4.8"]

1. d4 {[%clk 0:03:03]} d5 {[%clk 0:03:04]} 2. Bf4 {[%clk 0:03:03]} c5
{[%clk 0:03:00]} 3. e3 {[%clk 0:03:04]} Nc6 {[%clk 0:02:55]} 4. c3
{[%clk 0:03:04]} cxd4 {[%clk 0:02:55]} 5. exd4 {[%clk 0:03:05]} Bf5
{[%clk 0:02:53]} 6. Qb3 {[%clk 0:02:57]} Qd7 {[%clk 0:02:54]} 7. Nf3
{[%clk 0:02:55]} f6 {[%clk 0:02:55]} 8. Nbd2 {[%clk 0:02:45]} e6 {[%clk 0:02:55]}
9. h3 {[%clk 0:02:42]} g5 {[%clk 0:02:46]} 10. Bg3 {[%clk 0:02:34]} Nge7
{[%clk 0:02:43]} 11. Be2 {[%clk 0:02:31]} Ng6 {[%clk 0:02:43]} 12. c4
{[%clk 0:02:13]} h5 {[%clk 0:02:41]} 13. Bd3 {[%clk 0:01:58]} Bxd3
{[%clk 0:02:09]} 14. Qxd3 {[%clk 0:01:59]} Kf7 {[%clk 0:02:10]} 15. cxd5
{[%clk 0:01:08]} exd5 {[%clk 0:02:08]} 16. O-O {[%clk 0:00:50]} Be7
{[%clk 0:02:04]} 17. h4 {[%clk 0:00:35]} g4 {[%clk 0:01:55]} 18. Nh2
{[%clk 0:00:36]} f5 {[%clk 0:01:54]} 19. f3 {[%clk 0:00:37]} Kg7 {[%clk 0:01:54]}
20. fxg4 {[%clk 0:00:33]} fxg4 {[%clk 0:01:48]} 21. Rae1 {[%clk 0:00:28]} Raf8
{[%clk 0:01:45]} 22. Rxf8 {[%clk 0:00:23]} Rxf8 {[%clk 0:01:46]} 23. Nhf1
{[%clk 0:00:24]} Nxh4 {[%clk 0:01:38]} 24. Ne3 {[%clk 0:00:25]} Nf5
{[%clk 0:01:36]} 25. Nxf5+ {[%clk 0:00:20]} Qxf5 {[%clk 0:01:36]} 26. Qb3
{[%clk 0:00:19]} h4 {[%clk 0:01:25]} 27. Rf1 {[%clk 0:00:18]} Qg5
{[%clk 0:01:20]} 28. Rxf8 {[%clk 0:00:19]} Kxf8 {[%clk 0:01:20]} 29. Be1
{[%clk 0:00:11]} Nxd4 {[%clk 0:01:12]} 30. Qxb7 {[%clk 0:00:04]} Qe3+
{[%clk 0:01:12]} 31. Bf2 {[%clk 0:00:05]} Ne2+ {[%clk 0:01:03]} 32. Kf1
{[%clk 0:00:04]} Ng3+ {[%clk 0:01:04]} 33. Bxg3 {[%clk 0:00:04]} hxg3
{[%clk 0:01:05]} 34. Qc8+ {[%clk 0:00:05]} Kg7 {[%clk 0:00:42]} 35. Qxg4+
{[%clk 0:00:05]} Bg5 {[%clk 0:00:43]} 36. Qd7+ {[%clk 0:00:04]} Kg6
{[%clk 0:00:44]} 37. Qc6+ {[%clk 0:00:04]} Kh5 {[%clk 0:00:43]} 0-1

[Event "Russian Blitz Team Championship (m)"]
[Site "Sochi"]
[Date "2022.10.17"]
[Round "12.16"]
[White "Popov, Ivan"]
[Black "Popov, Valerij"]
[Result "1-0"]
[BlackElo "2523"]
[WhiteElo "2549"]
[LiveChessVersion "1.4.8"]

1. e4 {[%clk 0:03:03]} e6 {[%clk 0:03:04]} 2. d4 {[%clk 0:03:04]} d5
{[%clk 0:03:05]} 3. Nc3 {[%clk 0:03:05]} h6 {[%clk 0:03:04]} 4. Nf3
{[%clk 0:02:53]} Nf6 {[%clk 0:03:04]} 5. Bd3 {[%clk 0:02:50]} Bb4
{[%clk 0:03:05]} 6. e5 {[%clk 0:02:41]} Ne4 {[%clk 0:03:05]} 7. O-O
{[%clk 0:02:38]} Nxc3 {[%clk 0:03:06]} 8. bxc3 {[%clk 0:02:38]} Bxc3
{[%clk 0:03:07]} 9. Rb1 {[%clk 0:02:39]} Nc6 {[%clk 0:03:07]} 10. Ba3
{[%clk 0:02:25]} a5 {[%clk 0:03:08]} 11. Bb5 {[%clk 0:02:02]} Bd7
{[%clk 0:03:09]} 12. Qd3 {[%clk 0:01:51]} Bb4 {[%clk 0:03:06]} 13. Bc1
{[%clk 0:01:49]} O-O {[%clk 0:02:38]} 14. Bf4 {[%clk 0:01:39]} Re8
{[%clk 0:02:31]} 15. Qe3 {[%clk 0:01:21]} Bf8 {[%clk 0:02:28]} 16. c3
{[%clk 0:01:20]} a4 {[%clk 0:02:17]} 17. Bd3 {[%clk 0:01:15]} Na5
{[%clk 0:02:17]} 18. Nd2 {[%clk 0:01:13]} c5 {[%clk 0:02:15]} 19. Bc2
{[%clk 0:00:58]} cxd4 {[%clk 0:02:01]} 20. cxd4 {[%clk 0:00:59]} Rc8
{[%clk 0:02:01]} 21. Qd3 {[%clk 0:00:58]} g6 {[%clk 0:02:03]} 22. Rfc1
{[%clk 0:00:56]} Bg7 {[%clk 0:01:50]} 23. Qh3 {[%clk 0:00:54]} g5
{[%clk 0:01:23]} 24. Be3 {[%clk 0:00:51]} Rc6 {[%clk 0:01:21]} 25. Bd3
{[%clk 0:00:45]} Qe7 {[%clk 0:01:19]} 26. Rxc6 {[%clk 0:00:41]} Bxc6
{[%clk 0:01:19]} 27. Nf1 {[%clk 0:00:30]} Rc8 {[%clk 0:01:10]} 28. f4
{[%clk 0:00:25]} Nc4 {[%clk 0:01:07]} 29. Bc1 {[%clk 0:00:19]} Be8
{[%clk 0:00:54]} 30. fxg5 hxg5 31. Qg4 {[%clk 0:00:16]} f6 {[%clk 0:00:57]} 32.
Ng3 {[%clk 0:00:15]} Rc6 {[%clk 0:00:48]} 33. h4 {[%clk 0:00:09]} gxh4 34. Qxh4
{[%clk 0:00:10]} Kf8 {[%clk 0:00:39]} 35. Bh6 {[%clk 0:00:10]} Bxh6
{[%clk 0:00:32]} 36. Qxh6+ {[%clk 0:00:11]} Qg7 {[%clk 0:00:34]} 37. Qxg7+ Kxg7
38. Rxb7+ {[%clk 0:00:12]} Kf8 {[%clk 0:00:31]} 39. exf6 {[%clk 0:00:12]} Nd6
{[%clk 0:00:33]} 40. Rh7 {[%clk 0:00:11]} Nf7 {[%clk 0:00:34]} 41. Bg6
{[%clk 0:00:09]} Rc4 {[%clk 0:00:33]} 42. Nh5 {[%clk 0:00:07]} Rxd4
{[%clk 0:00:33]} 43. Ng7 {[%clk 0:00:09]} Bd7 {[%clk 0:00:25]} 44. Nf5
{[%clk 0:00:10]} Rd1+ {[%clk 0:00:24]} 45. Kf2 {[%clk 0:00:11]} Rd2+
{[%clk 0:00:25]} 46. Ke1 {[%clk 0:00:11]} Rxg2 47. Rxf7+ {[%clk 0:00:12]} 1-0

[Event "Russian Blitz Team Championship (m)"]
[Site "Sochi"]
[Date "2022.10.17"]
[Round "13.1"]
[White "Afanasiev, Nikita"]
[Black "Pridorozhni, Aleksei"]
[Result "1/2-1/2"]
[BlackElo "2581"]
[WhiteElo "2541"]
[LiveChessVersion "1.4.8"]

1. e4 {[%clk 0:03:02]} c5 {[%clk 0:03:03]} 2. Nf3 {[%clk 0:03:00]} e6
{[%clk 0:03:04]} 3. d4 {[%clk 0:02:59]} cxd4 {[%clk 0:03:05]} 4. Nxd4
{[%clk 0:03:00]} Nf6 {[%clk 0:03:06]} 5. Nc3 {[%clk 0:02:58]} Nc6
{[%clk 0:03:07]} 6. a3 {[%clk 0:02:46]} d5 {[%clk 0:03:04]} 7. exd5
{[%clk 0:02:44]} Nxd5 {[%clk 0:03:04]} 8. Ndb5 {[%clk 0:02:20]} a6
{[%clk 0:02:43]} 9. Nxd5 {[%clk 0:02:20]} axb5 {[%clk 0:02:44]} 10. Ne3
{[%clk 0:01:51]} Qxd1+ {[%clk 0:02:43]} 11. Kxd1 {[%clk 0:01:52]} b4
{[%clk 0:02:42]} 12. a4 {[%clk 0:01:53]} Bc5 {[%clk 0:02:41]} 13. b3
{[%clk 0:01:45]} b6 {[%clk 0:02:28]} 14. Bb2 {[%clk 0:01:45]} f6 {[%clk 0:02:28]}
15. Bb5 {[%clk 0:01:44]} Bb7 {[%clk 0:02:29]} 16. Ke2 {[%clk 0:01:40]} Ke7
{[%clk 0:02:25]} 17. Rad1 {[%clk 0:01:38]} Rhd8 {[%clk 0:02:24]} 18. Rxd8
{[%clk 0:01:38]} Rxd8 {[%clk 0:02:25]} 19. Rd1 {[%clk 0:01:28]} Nd4+
{[%clk 0:02:22]} 20. Bxd4 {[%clk 0:01:23]} Rxd4 {[%clk 0:02:20]} 21. Rxd4
{[%clk 0:01:16]} Bxd4 {[%clk 0:02:21]} 22. g3 {[%clk 0:01:17]} Bc5
{[%clk 0:02:16]} 23. Bd3 {[%clk 0:01:12]} g6 {[%clk 0:02:15]} 24. Nc4
{[%clk 0:01:13]} Bd4 {[%clk 0:02:03]} 25. h4 {[%clk 0:01:04]} e5 {[%clk 0:01:55]}
26. a5 {[%clk 0:00:55]} bxa5 {[%clk 0:01:54]} 27. Nxa5 {[%clk 0:00:56]} Bd5
{[%clk 0:01:52]} 28. Bb5 {[%clk 0:00:51]} Kd6 {[%clk 0:01:44]} 29. Bc4
{[%clk 0:00:41]} Be4 {[%clk 0:01:40]} 30. Bd3 {[%clk 0:00:41]} Ba8
{[%clk 0:01:40]} 31. Nc4+ {[%clk 0:00:39]} Ke6 {[%clk 0:01:40]} 32. Nd2
{[%clk 0:00:40]} Bc6 {[%clk 0:01:29]} 33. Bc4+ {[%clk 0:00:38]} Ke7
{[%clk 0:01:28]} 34. Bg8 {[%clk 0:00:37]} h6 {[%clk 0:01:27]} 35. Bc4
{[%clk 0:00:35]} f5 {[%clk 0:01:27]} 36. Nf3 {[%clk 0:00:33]} Bc3
{[%clk 0:01:26]} 37. Ng1 {[%clk 0:00:29]} Kf6 {[%clk 0:01:24]} 38. Kf1
{[%clk 0:00:29]} g5 {[%clk 0:01:20]} 39. hxg5+ {[%clk 0:00:30]} hxg5
{[%clk 0:01:21]} 40. Ne2 {[%clk 0:00:07]} Bd2 {[%clk 0:01:21]} 41. Bd3
{[%clk 0:00:05]} Bd5 {[%clk 0:01:12]} 42. Ng1 {[%clk 0:00:06]} e4
{[%clk 0:01:12]} 43. Ba6 {[%clk 0:00:07]} Ke5 {[%clk 0:01:12]} 44. Ke2
{[%clk 0:00:08]} Bc3 {[%clk 0:01:11]} 45. Kd1 {[%clk 0:00:09]} Bd4
{[%clk 0:01:10]} 46. Ke1 {[%clk 0:00:10]} f4 {[%clk 0:01:09]} 47. gxf4+
{[%clk 0:00:10]} gxf4 48. Ne2 {[%clk 0:00:10]} Bb6 {[%clk 0:01:08]} 49. Kf1
{[%clk 0:00:06]} Be6 {[%clk 0:00:59]} 50. Ke1 {[%clk 0:00:06]} Bg4
{[%clk 0:00:50]} 51. Bb7 {[%clk 0:00:06]} Bf5 {[%clk 0:00:49]} 52. Ba6
{[%clk 0:00:04]} Bg6 {[%clk 0:00:39]} 53. Bc4 {[%clk 0:00:05]} Bd8
{[%clk 0:00:34]} 54. Kf1 {[%clk 0:00:05]} Bf5 {[%clk 0:00:35]} 55. Bb5
{[%clk 0:00:05]} Bh3+ {[%clk 0:00:35]} 56. Kg1 {[%clk 0:00:06]} Bb6
{[%clk 0:00:35]} 57. Bc4 {[%clk 0:00:06]} f3 {[%clk 0:00:34]} 58. Ng3
{[%clk 0:00:05]} e3 {[%clk 0:00:33]} 59. fxe3 {[%clk 0:00:06]} Bxe3+
{[%clk 0:00:34]} 60. Kh2 {[%clk 0:00:06]} Bd7 {[%clk 0:00:34]} 61. Nf1
{[%clk 0:00:06]} Bf4+ {[%clk 0:00:33]} 62. Kg1 {[%clk 0:00:08]} Bc6
{[%clk 0:00:34]} 63. Kf2 {[%clk 0:00:08]} Bg5 {[%clk 0:00:31]} 64. Kg3
{[%clk 0:00:07]} Bf4+ {[%clk 0:00:22]} 65. Kf2 {[%clk 0:00:09]} Bc1
{[%clk 0:00:18]} 66. Kg3 {[%clk 0:00:09]} Bb2 {[%clk 0:00:18]} 67. Nh2
{[%clk 0:00:07]} Kd4 {[%clk 0:00:12]} 68. Nxf3+ {[%clk 0:00:07]} Kc3
{[%clk 0:00:12]} 69. Bd3 {[%clk 0:00:08]} Bxf3 {[%clk 0:00:12]} 1/2-1/2

[Event "Russian Blitz Team Championship (m)"]
[Site "Sochi"]
[Date "2022.10.17"]
[Round "13.2"]
[White "Savchenko, Boris"]
[Black "Tsydypov, Zhamsaran"]
[Result "0-1"]
[BlackElo "2598"]
[WhiteElo "2530"]
[LiveChessVersion "1.4.8"]

1. c4 {[%clk 0:03:01]} e6 {[%clk 0:02:58]} 2. Nf3 {[%clk 0:03:02]} Nf6
{[%clk 0:02:59]} 3. g3 {[%clk 0:03:03]} d5 {[%clk 0:03:00]} 4. Bg2
{[%clk 0:03:04]} Be7 {[%clk 0:03:01]} 5. O-O {[%clk 0:03:05]} O-O
{[%clk 0:03:01]} 6. b3 {[%clk 0:03:06]} c5 {[%clk 0:02:59]} 7. e3
{[%clk 0:03:05]} d4 {[%clk 0:02:55]} 8. exd4 {[%clk 0:03:06]} cxd4
{[%clk 0:02:55]} 9. Re1 {[%clk 0:03:07]} Nc6 {[%clk 0:02:55]} 10. d3
{[%clk 0:03:07]} Nd7 {[%clk 0:02:52]} 11. Na3 {[%clk 0:02:47]} e5
{[%clk 0:02:50]} 12. Nc2 {[%clk 0:02:48]} a5 {[%clk 0:02:49]} 13. a3
{[%clk 0:02:46]} f6 {[%clk 0:02:47]} 14. Rb1 {[%clk 0:02:44]} Nc5
{[%clk 0:02:47]} 15. b4 {[%clk 0:02:45]} axb4 {[%clk 0:02:44]} 16. axb4
{[%clk 0:02:45]} Na4 {[%clk 0:02:44]} 17. Bd2 {[%clk 0:02:45]} Bf5
{[%clk 0:02:44]} 18. Qe2 {[%clk 0:02:35]} e4 {[%clk 0:02:33]} 19. Nh4
{[%clk 0:01:47]} exd3 {[%clk 0:02:29]} 20. Bd5+ {[%clk 0:01:47]} Kh8
{[%clk 0:02:21]} 21. Qf3 {[%clk 0:01:39]} g6 {[%clk 0:01:56]} 22. Na3
{[%clk 0:00:50]} Ne5 {[%clk 0:01:52]} 23. Qg2 {[%clk 0:00:48]} Nc3
{[%clk 0:01:50]} 24. Rb3 {[%clk 0:00:30]} Bg4 {[%clk 0:01:24]} 25. h3
{[%clk 0:00:28]} Be2 {[%clk 0:01:21]} 26. Bxb7 {[%clk 0:00:27]} Rxa3
{[%clk 0:01:21]} 27. Rxa3 {[%clk 0:00:27]} Nxc4 {[%clk 0:01:21]} 28. Rxc3
{[%clk 0:00:17]} dxc3 {[%clk 0:01:20]} 29. Bxc3 {[%clk 0:00:17]} d2
{[%clk 0:01:21]} 30. Bxd2 {[%clk 0:00:12]} Qxd2 {[%clk 0:01:21]} 31. Ra1
{[%clk 0:00:14]} Qd4 {[%clk 0:01:16]} 32. Re1 {[%clk 0:00:14]} Bxb4
{[%clk 0:01:15]} 33. Rxe2 {[%clk 0:00:15]} Bc5 {[%clk 0:00:43]} 34. Qe4
{[%clk 0:00:15]} Qxe4 {[%clk 0:00:43]} 35. Rxe4 {[%clk 0:00:14]} Nd6
{[%clk 0:00:42]} 36. Re7 {[%clk 0:00:15]} Rb8 {[%clk 0:00:43]} 37. Bd5
{[%clk 0:00:15]} Rb2 {[%clk 0:00:41]} 38. Rc7 {[%clk 0:00:10]} Bxf2+
{[%clk 0:00:41]} 39. Kg2 {[%clk 0:00:12]} Bb6+ {[%clk 0:00:41]} 0-1